Para nacer he nacido

Bewaard in:
Bibliografische gegevens
Hoofdauteur: Neruda, Pablo
Formaat: Boek
Taal:Undetermined
Gepubliceerd in: Barcelona, España Editorial Seix Barral 1978
Onderwerpen:
Tags: Voeg label toe
Geen labels, Wees de eerste die dit record labelt!

MARC

LEADER 00000nam a2200000Ia 4500
008 170316s9999 xx 000 0 und d
040 |a cru BVZT 
090 |a 860 N-5p 
100 |a Neruda, Pablo 
245 |a Para nacer he nacido 
260 |a Barcelona, España 
260 |b Editorial Seix Barral 
260 |c 1978 
300 |a 451 páginas 
650 |a LITERATURA LATINOAMERICANA 
650 |a PROSA 
999 |c 9012  |d 9012 
942 |c 15 D  |h 860 N-5p  |2 z